01076nam a2200193Ia 4500001001100000003001000011008004100021040002500062041001300087100001700100245002000117250001100137260005500148300001200203500026100215501011400476520026100590650003100851L922-42330IT-CnALBA170116s9999||||xx |||||||||||||| ||und|| aIT-CnALBAcIT-CnALBA aITALIANO aROUSSEL JEAN 0aCHARLES PEGUY.  a1a ed. a TORINO. ROMAbBORLA EDITORE c1965 [1° Ed.:1965] a164 p.  aSCRITTORI DEL SECOLO. PRESENTAZIONE DI ROPS DANIEL. TRADUZIONE DAL FRANCESE. GRANDE AVVENTURA. FIGURE DI UN DESTINO. FONTI E TEMI DI UN'OPERA. I CANTI DELL'ANIMA CRISTIANA. PER LA REALTÀ DELLA FRANCIA. ALL'INCROCIO DELLE NOSTRE STRADE. CENNI BIOGRAFICI.  aSocietà San Paolo EM - Piazza San Paolo, 14 - 12051 ALBA (CN) (non commercial uses only) ® Copyright 2017 aSCRITTORI DEL SECOLO. PRESENTAZIONE DI ROPS DANIEL. TRADUZIONE DAL FRANCESE. GRANDE AVVENTURA. FIGURE DI UN DESTINO. FONTI E TEMI DI UN'OPERA. I CANTI DELL'ANIMA CRISTIANA. PER LA REALTÀ DELLA FRANCIA. ALL'INCROCIO DELLE NOSTRE STRADE. CENNI BIOGRAFICI.  aBIOGRAFIE, UOMINI ILLUSTRI